[Event "Leitersdorf Region-ch"]
[Site "Leitersdorf"]
[Date "2015.01.04"]
[Round "3"]
[White "Leitgeb, Johann"]
[Black "Horvath, Reka"]
[Result "0-1"]
[WhiteElo "1623"]
[BlackElo "2033"]
[PlyCount "84"]
[EventDate "2015.01.02"]
[EventType "swiss"]
[EventRounds "5"]
[EventCountry "AUT"]
[SourceTitle "CBM 164 Extra"]
[Source "ChessBase"]
[SourceDate "2015.03.02"]
[SourceVersion "1"]
[SourceVersionDate "2015.03.02"]
[SourceQuality "1"]

1. Nf3 Nf6 2. b3 g6 3. Bb2 Bg7 4. e3 0-0 5. d4 d5 6. Nbd2 b6 7. h3 Bb7 8. Bd3 c5 9. c3 Nc6 10. 0-0 Qc7 11. Re1 Nd7 12. a3 e5 13. dxe5 Ndxe5 14. Be2 a5 15. Rb1 Rfd8 16. Qc2 Rac8 17. Rbd1 Qb8 18. Nxe5 Nxe5 19. f4 Nc6 20. Bf3 d4 21. g3 dxe3 22. Rxe3 Nd4 23. Qb1 Bxf3 24. Nxf3 Nf5 25. Red3 Nxg3 26. Rxd8+ Rxd8 27. Rxd8+ Qxd8 28. Qe1 Nf5 29. Bc1 h6 30. Kg2 Qd5 31. c4 Qd3 32. Qe8+ Kh7 33. b4 Qxc4 34. Bd2 cxb4 35. axb4 a4 36. Kf2 a3 37. Ne5 Qd4+ 38. Ke2 Nd6 39. Qa4 Qe4+ 40. Kd1 Qb1+ 41. Ke2 a2 42. Bc3 Nb5 0-1

[Event "Leitersdorf Region-ch"]
[Site "Leitersdorf"]
[Date "2012.01.05"]
[Round "3"]
[White "Grebenar, Erich"]
[Black "Leitgeb, Johann"]
[Result "1-0"]
[WhiteElo "1768"]
[BlackElo "1678"]
[PlyCount "80"]
[EventDate "2012.01.03"]
[EventType "swiss"]
[EventRounds "5"]
[EventCountry "AUT"]
[SourceTitle "EXT 2013"]
[Source "ChessBase"]
[SourceDate "2012.11.22"]
[SourceVersion "1"]
[SourceVersionDate "2012.11.22"]
[SourceQuality "1"]

1. Nf3 e6 2. c4 d5 3. g3 Be7 4. Bg2 c6 5. Qc2 Bf6 6. d4 Ne7 7. 0-0 h6 8. b3 0-0 9. c5 Nd7 10. Bb2 Ng6 11. e4 Re8 12. e5 Be7 13. Re1 Ngf8 14. Bh3 f6 15. exf6 Bxf6 16. Ne5 Bxe5 17. dxe5 Qe7 18. Bd4 Qf7 19. Bf1 g6 20. Bd3 Re7 21. Nc3 b6 22. cxb6 c5 23. Nb5 axb6 24. Nd6 Qg7 25. Bb2 Ba6 26. Nb5 Bxb5 27. Bxb5 d4 28. f4 Qf7 29. Bc6 Rd8 30. Bc1 Qg7 31. a4 Nb8 32. Be4 Na6 33. Bd2 Nc7 34. a5 bxa5 35. Qxc5 Rb8 36. Qc4 Rd7 37. Rxa5 Nd5 38. Bxd5 exd5 39. Rxd5 Kh7 40. Rxd7 Qxd7 1-0

[Event "Leitersdorf Region-ch"]
[Site "Leitersdorf"]
[Date "2012.01.04"]
[Round "2"]
[White "Leitgeb, Johann"]
[Black "Sulzer, Manfred"]
[Result "1/2-1/2"]
[WhiteElo "1678"]
[BlackElo "1795"]
[PlyCount "44"]
[EventDate "2012.01.03"]
[EventType "swiss"]
[EventRounds "5"]
[EventCountry "AUT"]
[SourceTitle "EXT 2013"]
[Source "ChessBase"]
[SourceDate "2012.11.22"]
[SourceVersion "1"]
[SourceVersionDate "2012.11.22"]
[SourceQuality "1"]

1. e4 c5 2. Nf3 Nc6 3. d4 cxd4 4. Nxd4 Nf6 5. Nxc6 bxc6 6. Bd3 d6 7. h3 g6 8. 0-0 Bg7 9. Nc3 0-0 10. Be3 Bd7 11. Qd2 Qc8 12. Rab1 Rd8 13. Kh2 d5 14. exd5 cxd5 15. Bh6 e5 16. Bxg7 Kxg7 17. f3 Qb8 18. Kg1 Be6 19. Qf2 Nh5 20. Rfe1 f6 21. a3 Nf4 22. Bf1 Qb7 1/2-1/2

[Event "Leitersdorf Region-ch"]
[Site "Leitersdorf"]
[Date "2012.01.03"]
[Round "1"]
[White "Schriebl, Alexander"]
[Black "Leitgeb, Johann"]
[Result "1-0"]
[WhiteElo "2080"]
[BlackElo "1678"]
[PlyCount "61"]
[EventDate "2012.01.03"]
[EventType "swiss"]
[EventRounds "5"]
[EventCountry "AUT"]
[SourceTitle "EXT 2013"]
[Source "ChessBase"]
[SourceDate "2012.11.22"]
[SourceVersion "1"]
[SourceVersionDate "2012.11.22"]
[SourceQuality "1"]

1. d4 b6 2. c4 Bb7 3. Nc3 e6 4. e4 d5 5. cxd5 exd5 6. e5 Be7 7. Bd3 Nc6 8. Be3 Nb4 9. Bb1 Qd7 10. a3 Na6 11. Qf3 c6 12. Bf5 Qd8 13. e6 Nf6 14. exf7+ Kxf7 15. Nh3 Bc8 16. Ng5+ Kg8 17. 0-0 Qe8 18. Qh3 Bxf5 19. Qxf5 Qd7 20. Qd3 Nc7 21. Rae1 h6 22. Nf3 Bd6 23. Ne5 Bxe5 24. dxe5 Nfe8 25. f4 Ne6 26. f5 Nc5 27. Bxc5 bxc5 28. f6 gxf6 29. exf6 Rh7 30. Qg6+ Kh8 31. f7 1-0